Fundamentals of Food Process Engineering / (Record no. 14013)
[ view plain ]
| 000 -LEADER | |
|---|---|
| fixed length control field | 01053cam a2200217 a 4500 |
| 003 - CONTROL NUMBER IDENTIFIER | |
| control field | OSt |
| 008 - FIXED-LENGTH DATA ELEMENTS--GENERAL INFORMATION | |
| fixed length control field | 210811b ||||| |||| 00| 0 eng d |
| 020 ## - INTERNATIONAL STANDARD BOOK NUMBER | |
| ISBN | 9780387290195 (alk. paper) |
| 020 ## - INTERNATIONAL STANDARD BOOK NUMBER | |
| ISBN | 0387290192 (alk. paper) |
| 082 ## - DEWEY DECIMAL CLASSIFICATION NUMBER | |
| Classification number | 664.02 |
| Item number | TOL/FU |
| 100 1# - MAIN ENTRY--AUTHOR NAME | |
| Personal name | Toledo, Romeo T. |
| 245 10 - TITLE STATEMENT | |
| Title | Fundamentals of Food Process Engineering / |
| 250 ## - EDITION STATEMENT | |
| Edition statement | 2 nd / 3rd |
| 260 ## - PUBLICATION, DISTRIBUTION, ETC. (IMPRINT) | |
| Place of publication | New Delhi |
| Name of publisher | CBS Publishers and Distributors |
| Year of publication | 2007. |
| 300 ## - PHYSICAL DESCRIPTION | |
| Number of Pages | xvii, 579 p, 602 |
| Other physical details | ill. ; |
| 490 0# - SERIES STATEMENT | |
| Series statement | Food science text series |
| 505 ## - FORMATTED CONTENTS NOTE | |
| Formatted contents note | 1 Review of Mathematical Principles and Applications in Food Processing . .<br/>2 Units and Dimensions . . <br/>3 Material Balances . .<br/>4 Gases and Vapors . . <br/>5 Energy Balances . .<br/>6 Flow of Fluids . . <br/>7 Heat Transfer . <br/>8 Kinetics of Chemical Reactions in Foods . . .<br/>9 Thermal Process Calculations . . .<br/>10 Refrigeration . .<br/>11 Evaporation . .<br/>12 Dehydration . <br/>13 Physical Separation Processes . . .<br/>14 Extraction . .<br/> |
| 650 #0 - SUBJECT ADDED ENTRY--TOPICAL TERM | |
| Topical Term | Food industry and trade |
| 650 #0 - SUBJECT ADDED ENTRY--TOPICAL TERM | |
| Topical Term | Food Technology |
| 942 ## - ADDED ENTRY ELEMENTS (KOHA) | |
| Koha item type | Books |
| Withdrawn status | Lost status | Damaged status | Collection code | Home library | Current library | Shelving location | Date acquired | Source of acquisition | Full call number | Accession Number | Koha item type | Cost, normal purchase price |
|---|---|---|---|---|---|---|---|---|---|---|---|---|
| Non-fiction | KAUAET | KAUAET | General Stacks | 30/03/2013 | Univeral Reserch books, Trichur | 664.02 TOL/FU | 23950 | Books | ||||
| Non-fiction | KAUAET | KAUAET | General Stacks | 30/03/2013 | Univeral Reserch books, Trichur | 664.02 TOL/FU | 23951 | Books | ||||
| KAUAET | KAUAET | Scheme | 02/09/2016 | Cosmo Books, Kozhikkode. | 664.02 TOL/FU | BB 60 | Book Bank scheme for SC students | 230.00 | ||||
| KAUAET | KAUAET | Scheme | 02/09/2016 | Cosmo Books, Kozhikkode. | 664.02 TOL/FU | BB 61 | Book Bank scheme for SC students | 230.00 |
